000 00729nam a2200253 a 4500
003 AR-BaBNM
005 20251128204306.0
008 082120s2002 ||||||||||||||000 | spa||
020 _a950-9418-89-7
040 _cAR-BaBNM
100 1 _aSolomianski, Alejandro
245 0 0 _aVenas abiertas en la palabratina
260 _aBuenos Aires
_bEdiciones Ultimo Reino
_c1991
300 _a47 p.
500 _aContiene un breve comentario de la obra a cargo de Susana Zanetti en contratapa
650 4 _aLITERATURA ARGENTINA
650 4 _aPOESIA
650 4 _aLITERATURA CONTEMPORANEA
653 _aINFLUENCIA CLASICA
655 _aLITERATURA
700 1 _aDubatti, Jorge A.
_ecomentarista
942 _cBK
998 _cMARTIN
999 _c6890
_d6890